| 000 | 00439nam a22001817a 4500 | ||
|---|---|---|---|
| 003 | MPLRDC | ||
| 005 | 20220104183010.0 | ||
| 008 | 210129b ||||| |||| 00| 0 eng d | ||
| 020 | _a986-82508-3-3 | ||
| 082 | _a967 TJY | ||
| 100 | _a滕家瑶总编辑 | ||
| 245 |
_a浪漫部屋 _c |
||
| 250 | _a初版一刷 | ||
| 260 |
_a台湾 _b朵琳出版整合行销 _c2006 |
||
| 300 | _b平 | ||
| 650 | _a室内装饰 | ||
| 942 |
_cBK _o967 TJY |
||
| 999 |
_c62204 _d62194 |
||